• 首页
  • 本馆介绍
  • 公告通知
  • 最新文献
  • 馆藏检索
  • 电子资源
  • 读者导购
  • 参考咨询
  • 我的图书馆
  • 登录
  • 详细信息显示
  • 放入我的书架
  • 预约/预借图书
  • 作者相关作品
  • 分类相关作品
  • 丛书相关作品
  • 出版社相关作品

书目信息

  • 表格格式
  • 工作单格式
  • 卡片格式
题名:
神秘的间谍战
    
 
作者: 哈米德 著 ;张亮 , 丁寒 , 艾文 编译
分册:  
出版信息: 北京   军事科学出版社  1985
页数: 211页
开本: 19cm
丛书名:
单 册:
中图分类: D741.136 , E411
科图分类:
主题词: 第四次中东战争(1973)-间谍-情报活动 , 间谍-第四次中东战争(1973)-情报活动 , 情报活动-第四次中东战争(1973)-间谍 , 军事
电子资源:
ISBN:
000 01055nam0 2200337 45
001 1538886310
005 20151110110230.45
010    @dCNY1.20
091    @aCN@b529.021
100    @a19900823d1985 em y0chiy0121 ea
101 1  @achi@cara
102    @aCN@b110000
105    @ac z 000yy
200 10 @a神秘的间谍战@Ashen mi de jian die zhan@e一个间谍的叙述@f(埃及)哈米德著@g张亮等编译
210    @a北京@c军事科学出版社@d1985
215    @a211页@c肖像@d19cm
300    @a根据埃及开罗书社出版的阿拉伯文《突然袭击—中东战争中情报的作用》一书编译
517 1  @a一个间谍的叙述@Ayi ge jian die de xu shu
606    @a第四次中东战争(1973)-间谍-情报活动
606    @a间谍-第四次中东战争(1973)-情报活动
606    @a情报活动-第四次中东战争(1973)-间谍
606 0  @a军事
690    @aD741.136@v3
690    @aE411@v4
701  1 @a哈米德@Aha mi de@4著
702  0 @a张亮@Azhang liang@4编译
702  0 @a丁寒@Ading han@4编译
702  0 @a艾文@Aai wen@4编译
801  0 @aCN@bTSSF@c20150122
801  2 @aCN@bNLC
905    @aZUCC@dE411@eJY14
    
    神秘的间谍战:一个间谍的叙述/(埃及)哈米德著/张亮等编译.-北京:军事科学出版社,1985
    211页:肖像;19cm
    根据埃及开罗书社出版的阿拉伯文《突然袭击—中东战争中情报的作用》一书编译
    
    ISBN :CNY1.20
    
●
相关链接 在E读中查询图书 在五车中查询图书 在当当中查询图书 在豆瓣中查询图书


正题名:神秘的间谍战     索取号:E411/JY14         预约/预借

序号 登录号 条形码 馆藏地/架位号 状态 备注
1 7843820   278438200   学院路分馆/ [索取号:E411/JY14] 在馆    
2 7843821   278438219   学院路分馆/ [索取号:E411/JY14] 在馆    
唐山师范学院图书馆 欢迎您!
大连网信软件有限公司© 版权所有